000 00581nam a2200193Ia 4500
005 20260114185537.0
008 008 260114s9999 xx 000 0 eng d
020 _a9781350161801
037 _aEBOOK
040 _aCRL
_beng
_cCRL
041 _aeng
_2eng
084 _qCRL
100 _aPaul Atkinson
_9871363
245 0 _aHenri Bergson and Visual Culture: A Philosophy for a New Aesthetic
260 _bBloomsbury
_c2020
856 _uhttps://doi.org/10.5040/9781350161801?locatt=label:secondary_bloomsburyCollections
942 _cEBOOK
999 _c1470311
_d1470311